000 00287nam a22001097a 4500
008 170124b xxu||||| |||| 00| 0 eng d
020 _a0910701334
041 _aeng
080 _22nd
_a618.2
245 _aTHE LAW OF HOSPITAL AND HEALTH CARE ADMINISTRATION
_cSOUTHWICK, A.F
942 _2udc
_cBK
999 _c3541
_d3541